| 000 | 00465nam a2200205Ia 4500 | ||
|---|---|---|---|
| 008 | 210210b1960 xxu||||| |||| 00| 0 eng d | ||
| 041 | _aeng | ||
| 082 | _a320/543 | ||
| 100 | _aSHUKLA (C) | ||
| 245 | _aGandhijis view of life: Munshi Diwakar | ||
| 260 |
_a _bNot Mentioned _c1960 |
||
| 650 | _aview | ||
| 650 | _aof | ||
| 650 | _aMunshi | ||
| 650 | _alife: | ||
| 650 | _aGandhijis | ||
| 650 | _aDiwakar | ||
| 690 | _aPolitical Science | ||
| 906 | _a003182 | ||
| 999 |
_c118519 _d118519 |
||